Statistics for 19th Century Quiz A-Z

Click here to take the quiz!

General Stats

  • This quiz has been taken 74 times
  • The average score is 19 of 26

Answer Stats

Year Hint Answer % Correct
1846Mormons migrate to this stateUUtah
97%
1865John Wilkes Booth assassinates this PresidentLA. Lincoln
96%
1859This scientist publishes his book On the Origin of SpeciesDCharles Darwin
96%
1845–1849This country suffers from the Great Famine caused by a shortage of potatoesIIreland
96%
1896This sports event is revived in AthensOOlympic Games
94%
1872This region becomes the first national parkYYellowstone
92%
1820This continent is discoveredAAntarctica
92%
1839This kingdom is declared with its first king being Leopold IBBelgium
92%
1804This country gains independence from France becoming the first black republicHHaiti
90%
1885King Leopold II of B establishes this African country as a personal fiefdomCCongo Free State
86%
(1869)Leo Tolstoy publishes this novelWWar and Peace
85%
1892This method of identification is officially adopted for the first timeFFingerprinting
73%
1883This volcano in the Dutch East Indies (now Indonesia) eruptsKKrakatoa
73%
1840New Zealand is founded as the Treaty of Waitangi is signed by the British and...MThe {Māori}
72%
1895This team sport is invented in Holyoke, MassachusettsVVolleyball
69%
1890sThe British Empire controls this part of the world's populationQ1 quarter
69%
1814Napoleon is exiled to this islandEElba
69%
1833This practice is banned throughout the British EmpireSSlavery
68%
1885Louis Pasteur creates the first successful vaccine against this viral diseaseRRabies
59%
1808, 1832This German writer publishes his magnum opus FaustGJ. W. von Goethe
56%
1831–1850The name for the forced relocation of thousands of Native AmericansT{Trail} {of} {Tears}
55%
1898This French author writes J'accuse…!, a letter where he opposes antisemitism and supports the falsely accused A. DreyfusZÉmile Zola
54%
1843This inventor of the detective fiction publishes The Tell-Tale HeartPE. A. Poe
52%
1842This treaty cedes Hong Kong to the British: Treaty of _______NNanking
51%
1891Rerum novarum, a major document on social justice, is launched by this popeXPope Leo {XIII}
46%
1830The House of Bourbon is replaced by the House of Orléans (the ____ Monarchy) following this French RevolutionJJuly Revolution
17%

Score Distribution

Percentile by Number Answered

Percent of People with Each Score

Your Score History

You have not taken this quiz